| 000 | 01208nam a2200205Ia 4500 | ||
|---|---|---|---|
| 003 | Ost | ||
| 005 | 20260507075756.0 | ||
| 008 | 260507s9999||||xx |||||||||||||| ||und|| | ||
| 020 | _a9789969537000 | ||
| 040 | _cfsecg | ||
| 041 | _aara | ||
| 082 | _a332.6 | ||
| 100 |
_aيحياوي، عمر _eمؤلف |
||
| 245 | 0 |
_a ملامح المناخ الاستثماري في الجزائر : _bمقومات الجذب وعوامل الطرد / _c عمر يحياوي |
|
| 260 |
_aالجزائر : _bدار إيلياء للنشر والتوزيع, _c2024 |
||
| 300 |
_a318 صفحة؛ _bإيضاحات ؛ _c24 سم |
||
| 504 | _aالمراجع ص.273 | ||
| 520 | _aاولا : عموميات حول مناخ الاستثمار ، علاقة مناخ اللاستثمار بالتطورات العالمية الراهنة ، ثانيا : عموميات حول الاستثمار الاجنبي المباشر ، النظريات المفسرة لدوافع الاستثمار الاجنبي المباشر و ثالثا : خلفية تاريخية حول الاقتصاد الجزائري للفترة (1962-2002) ، تحليل واقع مناخ الاستثمار في الجزائر . | ||
| 942 | _cكتاب | ||
| 999 |
_c46244 _d46244 |
||